| 000 | 00331nam a2200133Ia 4500 | ||
|---|---|---|---|
| 005 | 20251222155206.0 | ||
| 008 | 251222s9999||||xx |||||||||||||| ||spa|| | ||
| 082 | _aEBA.81 | ||
| 100 | _aLima.PerĂș. | ||
| 245 | 0 | _aTransitando por la historia de la enfermerĂa | |
| 250 | _a1ra. ed. | ||
| 264 | _bEditora 955 S.R.L. | ||
| 942 | _cLIB | ||
| 999 |
_c40135 _d40135 |
||